000 00686nam a2200193 a 4500
005 20231013063549.0
008 991125s1948 mx 000 0 spa u
035 _aUPN01000001420
049 _aLT
050 4 _aLB1583 M6.5
_bA42
245 0 0 _aAlbum escolar :
_bmonografía de geografía y ciencias : quinto año /
_ced. J. Ramos Pimentel.
260 _aMéxico :
_bJ. Ramos Pimentel,
_c1948.
300 _a1 v. (en varias paginaciones)
520 _aDisponible en la Colección Medina
650 4 _aCiencias naturales
_xEstudio y enseñanza (Elemental)
_92812
650 4 _aGeografía
_xEstudio y enseñanza (Elemental)
_92801
700 1 _aRamos Pimentel, José,
_eed.
905 _aLibro
999 _c1420
_d1420